Devinez la Capitale Mystère #68 - Statistiques

Statistiques générales
  • Ce quiz a été pris 174 fois
  • Le résultat moyen est 27 sur 36
Statistiques - réponses
Type de Réponse Réponse % Correct
Lettre de l'Alphabet R
100%
Lettre Trouvée O
99%
Lettre de l'Alphabet A
98%
Lettre de l'Alphabet E
98%
Lettre de l'Alphabet I
98%
Lettre de l'Alphabet N
97%
Lettre Trouvée S
97%
Lettre Trouvée L
96%
Lettre Trouvée M
95%
Lettre de l'Alphabet B
92%
Lettre de l'Alphabet P
92%
Lettre Trouvée T
92%
Lettre de l'Alphabet G
89%
Lettre de l'Alphabet D
88%
Lettre de l'Alphabet U
88%
Lettre Trouvée H
83%
Lettre Trouvée C
81%
Lettre Trouvée K
81%
Lettre de l'Alphabet W
79%
Lettre de l'Alphabet Y
71%
Lettre de l'Alphabet V
68%
Lettre de l'Alphabet J
62%
Lettre de l'Alphabet X
59%
Lettre Bien Placée C
58%
Lettre Bien Placée O
58%
Lettre Bien Placée K
55%
Lettre Bien Placée S
55%
Lettre de l'Alphabet F
53%
Lettre Bien Placée H
53%
Lettre Bien Placée O
53%
Lettre Bien Placée T
52%
Lettre de l'Alphabet Z
52%
Lettre Bien Placée M
51%
Lettre de l'Alphabet Q
50%
Lettre Bien Placée L
48%
Capitale Mystère Stockholm
46%
Aucun quiz correspondant
Distribution des résultats
% des personnes avec chaque résultat
Percentile par nombre de réponses
Votre historique - résultats
Vous n’avez pas pris ce quiz